| 000 | 00955nam a22002777a 4500 | ||
|---|---|---|---|
| 003 | URS | ||
| 005 | 20260323090650.0 | ||
| 008 | 260211b |||||||| |||| 00| 0 eng d | ||
| 020 | _a9786214092475 | ||
| 040 |
_aDLC _beng _cDLC _dURS _erda |
||
| 050 |
_aLB 1028.43 _b.Sa158 2024 |
||
| 100 | _aSadorra, Bryan Eli B. | ||
| 245 | _aBuilding and enhancing new literaries across the curriculum | ||
| 264 |
_aMandaluyong City _bBooks atbp. publishing corp. _cc2024 |
||
| 300 |
_aviii, _b160 pages; ill.some(b&w); _c26 cm. |
||
| 336 |
_2rdacontent _atext _btxt |
||
| 337 |
_2rdamedia _aunmediated _bn |
||
| 338 |
_2rdacarrier _avolume _bnc |
||
| 504 | _aincludes references. | ||
| 546 | _ain English text. | ||
| 650 | _2Literacy -study and teaching- Philippines | ||
| 650 | _2Education - Philippines | ||
| 700 |
_aFernando, Madeline T. _eauthor |
||
| 700 |
_aGaoat, Gina Sylvia S. _eauthor |
||
| 942 |
_2lcc _cF _hLB 1028.43 _i.Sa158 2024 |
||
| 999 |
_c99141 _d99138 |
||